000 01024cam a2200205 4500
001 WB3813-23
008 020409n2002 000 0 eng u
035 _a(Sirsi) u117419
245 _aImproving residential leasehold management
260 _c2002
490 _aDTLR News Release
_v(2002/0126) 26 March 2002, (2)
520 _aThe DTLR is seeking to consult on how to overcome widespread concern about variable standards in residential leasehold management. It investigates three methods of control: licensing, a regulatory and voluntary controls. Responses are required by 30 September 2002. The document can be found at http://www.housing.dtlr.gov.uk/information/consult/leasholdmanagem/index.htmhttp://www.press.dtlr.gov.uk/pns/DisplayPN.cgi?pn_id=2002_0126
590 _aWB
650 _aRESIDENTIAL MANAGEMENT
650 _aCOMMONHOLD AND LEASEHOLD REFORM BILL
650 _aLANDLORD AND TENANT
_96252
650 _aLEASEHOLD MANAGEMENT
690 _aPROPERTY MANAGEMENT-RESIDENTIAL PROPERTY
942 _n0
999 _c69949
_d69949